000 00467nam a2200181Ia 4500
008 240510s9999 xx 000 0 und d
020 _a0000850126274
041 _aEng
082 _a004.21
082 _bL55
100 _aLONGWORTH, G. & NICHOLLS, D. & ABBOTT, Joe
245 0 _aSSADM Developer's Handbook : version 3
260 _bManchester : NCC
260 _c1988
650 _aSYSTEMS ANALYSIS : SYSTEMS DESIGN : SSADM
942 _2ddc
942 _cRBK
999 _c26128
_d26128
945 _a1
_bMadushi Gamage
_c1
_dMadushi Gamage